[Event "FINAL MISTRZOSTW POLSKI MLODZIKOW 2016 - CHLOPCY"]
[Site "Jastrzebia Gora"]
[Date "1899-12-30"]
[Round "1.1"]
[White "Chyzy, Jakub"]
[Black "Pisarek, Jan"]
[Result "1-0"]
[WhiteTitle "I"]
[BlackTitle "II"]
[WhiteElo "1803"]
[BlackElo "1191"]

1. e4 c5 2. Nf3 d6 3. d4 cxd4 4. Nxd4 Nf6 5. Nc3 g6 6. Be3 Bg7 7. f3 O-O 8. Qd2
Nc6 9. O-O-O d5 10. exd5 Nxd5 11. Nxc6 bxc6 12. Bd4 e6 13. Ne4 Ne7 14. Qc3 Bh6+
15. Be3 Bxe3+ 16. Qxe3 Nf5 17. Qc3 Nd4 18. Qxd4 Qxd4 19. Rxd4 1-0

[Event "FINAL MISTRZOSTW POLSKI MLODZIKOW 2016 - CHLOPCY"]
[Site "Jastrzebia Gora"]
[Date "1899-12-30"]
[Round "1.2"]
[White "Choina, Jan"]
[Black "Meers, Hubert"]
[Result "0-1"]
[WhiteTitle "II"]
[BlackTitle "II+"]
[WhiteElo "1190"]
[BlackElo "1607"]

1. e4 c5 2. Nf3 d6 3. d4 cxd4 4. Nxd4 Nf6 5. Nc3 a6 6. Be3 e5 7. Nb3 Be6 8. Qd2
Be7 9. f3 Qc7 10. Nd5 Bxd5 11. exd5 Nbd7 12. Be2 Rc8 13. c3 b5 14. Rc1 Nb6 15.
Bxb6 Qxb6 16. c4 O-O 17. Na5 e4 18. Nc6 Rfe8 19. fxe4 Nxe4 20. Qd4 Bh4+ 21. g3
Bxg3+ 22. hxg3 Rxc6 23. Qd3 bxc4 24. Rxc4 Rxc4 25. Qxc4 Nxg3 26. Rh4 Rxe2+ 27.
Kd1 Qg1# 0-1

[Event "FINAL MISTRZOSTW POLSKI MLODZIKOW 2016 - CHLOPCY"]
[Site "Jastrzebia Gora"]
[Date "1899-12-30"]
[Round "1.3"]
[White "Wojdak, Jan"]
[Black "Wnek, Filip"]
[Result "1-0"]
[WhiteTitle "II"]
[BlackTitle "II"]
[WhiteElo "1577"]
[BlackElo "1188"]

1. e4 c5 2. Nf3 Nc6 3. d4 cxd4 4. Nxd4 e5 5. Nb5 d6 6. N1c3 a6 7. Na3 b5 8. Nd5
Nce7 9. Be2 Nxd5 10. exd5 Nf6 11. O-O Be7 12. Be3 Bb7 13. c4 O-O 14. Kh1 Rc8 15.
f4 Ne4 16. Bd3 exf4 17. Rxf4 Nc5 18. Bxc5 dxc5 19. Rf3 bxc4 20. Bxc4 Rb8 21. Qd3
Bc8 22. Bb3 Qd6 23. Nc4 Qg6 24. d6 Bd8 25. Qxg6 hxg6 26. Ne5 Be6 27. Bxe6 fxe6
28. Rxf8+ Kxf8 29. Nd7+ 1-0

[Event "FINAL MISTRZOSTW POLSKI MLODZIKOW 2016 - CHLOPCY"]
[Site "Jastrzebia Gora"]
[Date "1899-12-30"]
[Round "1.4"]
[White "Norek, Maciej"]
[Black "Bogusz, Alan"]
[Result "1-0"]
[WhiteTitle "II"]
[BlackTitle "II"]
[WhiteElo "1175"]
[BlackElo "1572"]

1. e4 c5 2. Nf3 d6 3. d4 cxd4 4. Nxd4 Nf6 5. Nc3 a6 6. Bc4 g6 7. Be3 Bg7 8. O-O
O-O 9. Re1 b5 10. Bd5 Nxd5 11. exd5 Bf6 12. Ne4 Bg7 13. a4 bxa4 14. Rxa4 Bb7 15.
c4 Nd7 16. Rb4 Qc7 17. Bg5 Rfe8 18. f4 a5 19. Rb3 Qxc4 20. Rd3 Bxd5 21. b3 Qa6
22. Nc3 Bxd4+ 23. Rxd4 Be6 24. Nd5 Bxd5 25. Rxd5 Qa7+ 26. Kh1 Nc5 27. f5 f6 28.
Bh6 Qb7 29. fxg6 hxg6 30. Qg4 Kf7 31. Rxc5 Qxb3 32. Rb5 Qa2 33. Rf5 e5 34. Rxf6+
Ke7 35. Bg5 Kd8 36. Rf2+ Kc7 37. Rxa2 1-0

[Event "FINAL MISTRZOSTW POLSKI MLODZIKOW 2016 - CHLOPCY"]
[Site "Jastrzebia Gora"]
[Date "1899-12-30"]
[Round "1.5"]
[White "Fiszer, Bartosz"]
[Black "Malinowski, Szymon"]
[Result "1-0"]
[WhiteTitle "CM"]
[BlackTitle "II+"]
[WhiteElo "1557"]
[BlackElo "1175"]

1. c4 e5 2. g3 Nf6 3. Bg2 Bc5 4. Nc3 d6 5. e3 c6 6. Nge2 Be6 7. Qb3 Qc7 8. d4 exd4
9. exd4 Bb6 10. O-O O-O 11. Bf4 Nbd7 12. Qa3 c5 13. Nb5 Qd8 14. d5 Bg4 15. f3
Qe8 16. Rae1 Bh5 17. Nxd6 Qd8 18. Nxb7 Qc8 19. Nd6 Qd8 20. Nc3 Bg6 21. Nce4 Nxe4
22. fxe4 Nf6 23. Bg5 Ba5 24. Nb7 Bb4 25. Qxb4 cxb4 26. Nxd8 Raxd8 27. e5 Bd3 28.
Rf3 Bxc4 29. exf6 Rxd5 30. fxg7 Kxg7 31. Bf6+ Kg6 32. Rf4 Rc5 33. Be7 Re8 34.
Be4+ Kg7 35. Bxc5 Bxa2 36. Rg4+ Kh6 37. Be3+ Kh5 38. Rh4# 1-0

[Event "FINAL MISTRZOSTW POLSKI MLODZIKOW 2016 - CHLOPCY"]
[Site "Jastrzebia Gora"]
[Date "1899-12-30"]
[Round "1.6"]
[White "Grzadka, Artur"]
[Black "Lyszczarz, Konrad"]
[Result "0-1"]
[WhiteTitle "II"]
[BlackTitle "II+"]
[WhiteElo "1172"]
[BlackElo "1515"]

1. d4 d5 2. c4 c6 3. Nc3 dxc4 4. e4 b5 5. Bf4 Nf6 6. e5 Nd5 7. Nxd5 Qxd5 8. Be3
Bf5 9. Qd2 e6 10. f3 a5 11. Ne2 Qd7 12. g3 Bd3 13. Bg2 Bb4 14. Nc3 Be7 15. a3
O-O 16. f4 Ra6 17. Kf2 Qc7 18. Rhe1 Nd7 19. Kg1 Nb6 20. Qd1 Qd7 21. Qf3 Nd5 22.
Nxd5 cxd5 23. Bd2 Rfa8 24. Rac1 Qa7 25. Be3 b4 26. a4 b3 27. g4 Bb4 28. Red1 Bc2
29. Rf1 c3 30. bxc3 Bxc3 31. f5 Bxd4 32. Bxd4 Qxd4+ 33. Kh1 Rc8 34. Qxb3 Rac6
35. Qb7 Qxe5 36. Rfe1 Qc7 37. Qb2 exf5 38. Bxd5 Be4+ 39. Bxe4 Rxc1 40. Rxc1 Qxc1+
41. Qxc1 Rxc1+ 42. Kg2 fxe4 43. Kf2 Rc4 44. Ke3 Rxa4 45. h4 Rb4 46. g5 a4 47.
h5 a3 48. Kd2 a2 49. Kc3 a1=Q+ 50. Kxb4 e3 51. Kc4 e2 52. Kd5 e1=Q 53. Kc5 Qe4
54. Kb5 Qab1+ 55. Kc5 Qbb7 56. Kd6 Qed5# 0-1

[Event "FINAL MISTRZOSTW POLSKI MLODZIKOW 2016 - CHLOPCY"]
[Site "Jastrzebia Gora"]
[Date "1899-12-30"]
[Round "1.7"]
[White "Czernecki, Andrzej"]
[Black "Krahel, Karol"]
[Result "1-0"]
[WhiteTitle "II"]
[BlackTitle "II"]
[WhiteElo "1469"]
[BlackElo "1170"]

1. e4 e5 2. Nf3 Nc6 3. Bc4 Bc5 4. c3 Nf6 5. d4 exd4 6. e5 d5 7. Bb5 Nd7 8. cxd4
Bb6 9. Nc3 Ba5 10. O-O Bxc3 11. bxc3 O-O 12. Qc2 f5 13. Re1 Nb6 14. Ba3 Re8 15.
Bxc6 bxc6 16. Bc5 Be6 17. Nd2 Qd7 18. f4 Rab8 19. Rab1 Qf7 20. a4 a5 21. Bxb6
cxb6 22. Qd3 Qa7 23. Nf3 c5 24. Ng5 g6 25. Nxe6 Rxe6 26. dxc5 bxc5 27. Rxb8+ Qxb8
28. Qxd5 Qb6 29. Rd1 Kg7 30. Qd7+ Kh6 31. Qb5 g5 32. Qxb6 1-0

[Event "FINAL MISTRZOSTW POLSKI MLODZIKOW 2016 - CHLOPCY"]
[Site "Jastrzebia Gora"]
[Date "1899-12-30"]
[Round "1.8"]
[White "Karwacki, Piotr"]
[Black "Dziewonski, Dariusz"]
[Result "0-1"]
[WhiteTitle "II"]
[BlackTitle "II"]
[WhiteElo "1164"]
[BlackElo "1414"]

1. e4 e6 2. d4 d5 3. Nc3 Nf6 4. e5 Nfd7 5. Nf3 c5 6. Bf4 Nc6 7. Bb5 Qb6 8. dxc5
Bxc5 9. O-O O-O 10. Rb1 a6 11. Bd3 Ne7 12. Na4 Qb4 13. Bxh7+ Kxh7 14. Ng5+ Kg6
15. Qg4 f6 16. Nxe6+ Kf7 17. exf6 Nxf6 18. Qxg7+ Kxe6 19. Nxc5+ Qxc5 20. Qxf8
Ne4 21. b4 Qa7 22. Rbd1 b5 23. Qh6+ Kd7 24. Qh7 Kc6 25. Rd3 Bf5 26. Qh6+ Kd7 27.
Be3 Qc7 28. Qb6 Qxb6 29. Bxb6 Rc8 30. Ra3 Rc6 31. Bd4 Rxc2 32. Rxa6 Rc4 33. Bc5
Nxc5 34. bxc5 Rxc5 35. f3 Nc6 36. Rd1 d4 37. g4 Bc2 38. Rd2 d3 39. Kf2 Ne5 40.
Ra3 b4 41. Ra7+ Ke6 42. f4 Nc4 43. Ke1 Nxd2 44. Kxd2 Bb1 45. Rb7 Rc2+ 46. Kd1
Rxh2 47. Rxb4 Bc2+ 48. Ke1 d2+ 0-1

[Event "FINAL MISTRZOSTW POLSKI MLODZIKOW 2016 - CHLOPCY"]
[Site "Jastrzebia Gora"]
[Date "1899-12-30"]
[Round "1.9"]
[White "Kejna, Piotr"]
[Black "Dembicki, Karol"]
[Result "1-0"]
[WhiteTitle "II"]
[BlackTitle "II"]
[WhiteElo "1410"]
[BlackElo "1146"]

1. e4 e5 2. Nf3 Nc6 3. Bc4 Bc5 4. c3 d6 5. d3 a6 6. Bb3 Nf6 7. O-O Bg4 8. Be3 Qd7
9. Nbd2 O-O-O 10. Bc2 h6 11. b4 Bxe3 12. fxe3 g5 13. a4 Be6 14. b5 Nb8 15. bxa6
Nxa6 16. d4 g4 17. Ne1 Nh7 18. d5 g3 19. dxe6 gxh2+ 20. Kh1 Qxe6 21. Qf3 Ng5 22.
Qf5 Qxf5 23. exf5 h5 24. Kxh2 h4 25. Nef3 Nxf3+ 26. Nxf3 Nc5 27. Ng5 Rdg8 28.
Ne4 Nd7 29. Bd3 d5 30. Nd2 Nf6 31. Be2 e4 32. a5 Rg3 33. a6 bxa6 34. Bxa6+ Kd7
35. Bb5+ c6 36. Bxc6+ Kd6 37. Bxd5 Ng4+ 38. Kg1 Kxd5 39. c4+ Ke5 40. Ra5+ Kf6
41. Nxe4+ Kg7 42. f6+ Kg6 43. Nxg3 hxg3 44. Rf3 Rd8 45. Ra1 Rc8 46. Rc1 Nxf6 47.
Rxg3+ Kf5 48. Rf3+ Ke6 49. Kf2 Ne4+ 50. Ke2 Rd8 51. Rc2 Rg8 52. Kf1 Ng3+ 53. Kg1
Ke5 54. c5 Ke4 55. c6 Kd3 56. Rxg3 Rxg3 57. c7 Rg8 58. c8=Q Rxc8 59. Rxc8 f5 60.
Rf8 Ke4 61. Kf2 Ke5 62. g4 fxg4 63. Kg3 Ke4 64. Kxg4 Kxe3 65. Rf4 Ke2 66. Rf3
Kd2 67. Kf4 Kc2 68. Ke4 Kb2 69. Kd4 Ka2 70. Kc4 Kb2 71. Rc3 Ka2 72. Rb3 Ka1 73.
Kc3 Ka2 74. Kc2 Ka1 75. Ra3# 1-0

[Event "FINAL MISTRZOSTW POLSKI MLODZIKOW 2016 - CHLOPCY"]
[Site "Jastrzebia Gora"]
[Date "1899-12-30"]
[Round "1.10"]
[White "Kycia, Marek"]
[Black "Madajczak, Piotr"]
[Result "0-1"]
[WhiteTitle "II"]
[BlackTitle "II"]
[WhiteElo "1138"]
[BlackElo "1377"]

1. e4 c5 2. Nc3 d6 3. f4 Nc6 4. Nf3 g6 5. Bb5 Bd7 6. O-O Bg7 7. Qe1 e6 8. b3 Nge7
9. Bb2 O-O 10. Qh4 a6 11. Be2 b5 12. Nd1 f6 13. g4 d5 14. g5 d4 15. c3 fxg5 16.
Nxg5 h6 17. Nf3 Qc7 18. Ne1 Rf7 19. Ng2 Raf8 20. Rc1 Qb6 21. Kh1 e5 22. a4 exf4
23. Bf3 Ne5 24. Ne1 d3 25. c4 g5 26. Qh5 N7g6 27. Nc3 bxa4 28. Nd5 Qxb3 29. Bxe5
Nxe5 30. Rg1 a3 31. h4 g4 32. Bxg4 Bxg4 33. Rxg4 Nxg4 34. Qxg4 a2 35. Nc3 f3 0-1

[Event "FINAL MISTRZOSTW POLSKI MLODZIKOW 2016 - CHLOPCY"]
[Site "Jastrzebia Gora"]
[Date "1899-12-30"]
[Round "1.11"]
[White "Krupinski, Mikolaj"]
[Black "Blazniak, Bartlomiej"]
[Result "1-0"]
[WhiteTitle "II"]
[BlackTitle "II"]
[WhiteElo "1372"]
[BlackElo "1137"]

1. e4 e6 2. d4 d5 3. Nd2 Nf6 4. e5 Nfd7 5. Bd3 c5 6. c3 Qb6 7. Ne2 Nc6 8. Nf3 cxd4
9. cxd4 Be7 10. O-O O-O 11. a3 Qc7 12. b4 a6 13. Be3 f6 14. Qc2 h6 15. Bh7+ Kh8
16. Nf4 f5 17. Nxe6 Qb6 18. Nxf8 Nxf8 19. Bxf5 Bxf5 20. Qxf5 Nh7 21. Qd3 Rf8 22.
Rab1 Nd8 23. Qb3 Qb5 24. a4 Qd7 25. Rbc1 Ne6 26. b5 Neg5 27. Nxg5 Bxg5 28. b6
Bxe3 29. fxe3 Rxf1+ 30. Rxf1 Ng5 31. Rf8+ Kh7 32. Qc2+ Ne4 33. Qc8 Qxc8 34. Rxc8
1-0

[Event "FINAL MISTRZOSTW POLSKI MLODZIKOW 2016 - CHLOPCY"]
[Site "Jastrzebia Gora"]
[Date "1899-12-30"]
[Round "1.12"]
[White "Dawgiel, Bartosz"]
[Black "Wydmanski, Szymon"]
[Result "1-0"]
[WhiteTitle "II"]
[BlackTitle "III"]
[WhiteElo "1134"]
[BlackElo "1365"]

1. e4 c5 2. Nf3 d6 3. d4 cxd4 4. Nxd4 Nf6 5. Nc3 a6 6. Be2 e5 7. Nf3 Be7 8. O-O
O-O 9. Be3 Be6 10. Qd2 Nbd7 11. Ng5 Nb6 12. f4 Bc4 13. Bxb6 Qxb6+ 14. Kh1 Bxe2
15. Nxe2 Rad8 16. Ng3 Rfe8 17. Rad1 Rd7 18. Qe2 Rdd8 19. Nf5 Qc7 20. Qd3 Bf8 21.
Qg3 Nh5 22. Qg4 g6 23. Ne3 Bg7 24. fxe5 Bxe5 25. Rxf7 Qb6 26. Nc4 Qc5 27. Nxe5
Rxe5 28. Ne6 Qxc2 29. Nxd8 Rxe4 30. Qf3 Re2 31. Rf1 Qe4 32. Rg7+ Kxg7 33. Qf8#
1-0

[Event "FINAL MISTRZOSTW POLSKI MLODZIKOW 2016 - CHLOPCY"]
[Site "Jastrzebia Gora"]
[Date "1899-12-30"]
[Round "1.13"]
[White "Matela, Krzysztof"]
[Black "Wawrzyniak, Karol"]
[Result "1-0"]
[WhiteTitle "II"]
[BlackTitle "II"]
[WhiteElo "1328"]
[BlackElo "1130"]

1. c4 c5 2. Nc3 Nc6 3. g3 g6 4. Bg2 Bg7 5. e3 e6 6. Nge2 a6 7. d4 Qb6 8. d5 Ne5
9. b3 Qa5 10. O-O Nxc4 11. dxe6 dxe6 12. bxc4 Bxc3 13. Nxc3 Qxc3 14. Qd6 Ne7 15.
Bd2 Qxc4 16. Ba5 Bd7 17. Bxb7 Nc8 18. Qc7 Ra7 19. Qd8# 1-0

[Event "FINAL MISTRZOSTW POLSKI MLODZIKOW 2016 - CHLOPCY"]
[Site "Jastrzebia Gora"]
[Date "1899-12-30"]
[Round "1.14"]
[White "Grodzicki, Piotr"]
[Black "Pazdzierz, Piotr"]
[Result "0-1"]
[WhiteTitle "II"]
[BlackTitle "II"]
[WhiteElo "1129"]
[BlackElo "1319"]

1. e4 c5 2. Nc3 Nc6 3. f4 g6 4. g3 Bg7 5. Bg2 a6 6. Nf3 e6 7. d3 Nge7 8. O-O O-O
9. h3 d6 10. g4 Nd4 11. Nxd4 Bxd4+ 12. Kh1 Qc7 13. Ne2 Bg7 14. Ng3 f5 15. exf5
exf5 16. g5 Bd7 17. c3 Bc6 18. Rf2 Bxg2+ 19. Rxg2 Qc6 20. Bd2 Rae8 21. h4 Nd5
22. Qf3 Ne7 23. Qxc6 Nxc6 24. Rgg1 Re6 25. Rae1 Rfe8 26. Rxe6 Rxe6 27. Re1 Kf7
28. Kg2 Rxe1 29. Bxe1 Ne7 30. Kf3 Ke6 31. Ke3 Nd5+ 32. Kf3 Nb6 33. Ke2 Na4 34.
c4 Bxb2 35. Bd2 Bd4 36. Nf1 Nc3+ 37. Bxc3 Bxc3 38. Nd2 Bxd2 39. Kxd2 d5 40. a4
Kd6 41. Kc3 Kc6 42. Kb3 b5 43. cxb5+ axb5 44. axb5+ Kxb5 45. Kc3 Ka4 46. d4 c4
47. Kc2 Kb4 0-1

[Event "FINAL MISTRZOSTW POLSKI MLODZIKOW 2016 - CHLOPCY"]
[Site "Jastrzebia Gora"]
[Date "1899-12-30"]
[Round "1.15"]
[White "Rosenfeld, Noe"]
[Black "Wolski, Michal"]
[Result "0-1"]
[WhiteTitle "II"]
[BlackTitle "II"]
[WhiteElo "1279"]
[BlackElo "1116"]

1. e4 e5 2. Nf3 Nc6 3. Bb5 a6 4. Bxc6 dxc6 5. Nc3 f6 6. h3 Qe7 7. O-O Be6 8. a4
O-O-O 9. Qe2 g5 10. h4 h5 11. hxg5 h4 12. d3 h3 13. gxf6 Qxf6 14. Bg5 Qg6 15.
g3 h2+ 16. Kh1 Be7 17. Bxe7 Nxe7 18. Nh4 Qg5 19. Qe3 Qg4 20. Qe2 Qg5 21. Rfe1
Rdg8 22. Qf3 Ng6 23. Nxg6 Qxg6 24. Qe3 Rf8 25. Re2 Bg4 26. f3 Bxf3+ 27. Rg2 Bxg2+
0-1

[Event "FINAL MISTRZOSTW POLSKI MLODZIKOW 2016 - CHLOPCY"]
[Site "Jastrzebia Gora"]
[Date "1899-12-30"]
[Round "1.16"]
[White "Karolczuk, Iwo"]
[Black "Demski, Michal"]
[Result "1-0"]
[WhiteTitle "III"]
[BlackTitle "II"]
[WhiteElo "1114"]
[BlackElo "1278"]

1. e4 e5 2. Nf3 Nc6 3. Bb5 a6 4. Bxc6 dxc6 5. h3 Nf6 6. d3 Bd6 7. a3 h6 8. Be3
Be6 9. Nc3 c5 10. b3 b5 11. O-O O-O 12. Qe2 Qd7 13. Nh2 a5 14. Rfe1 b4 15. Nb1
a4 16. axb4 cxb4 17. bxa4 Rxa4 18. Nd2 Rfa8 19. Rxa4 Qxa4 20. Ndf3 c5 21. Rc1
Rc8 22. Nd2 Qa3 23. Qf1 Qb2 24. f3 Ra8 25. Qd1 Ra2 26. Nhf1 Kf8 27. Kh1 Ke7 28.
Kg1 Nd7 29. Bf2 Nb6 30. Ne3 b3 31. Be1 Na4 32. Nxb3 Nc3 33. Bxc3 Qxc3 34. Qe1
Qb2 35. Nd1 Qa3 36. Qc3 Bxb3 37. cxb3 Qa7 38. Kh1 Ra3 39. Ne3 g6 40. Nc4 Ra6 41.
Nxe5 Kf6 42. Nc6+ 1-0

[Event "FINAL MISTRZOSTW POLSKI MLODZIKOW 2016 - CHLOPCY"]
[Site "Jastrzebia Gora"]
[Date "1899-12-30"]
[Round "1.17"]
[White "Goral, Jan"]
[Black "Olchowy, Tomasz"]
[Result "1-0"]
[WhiteTitle "II"]
[BlackTitle "III"]
[WhiteElo "1273"]
[BlackElo "1104"]

1. c4 e5 2. Nf3 Nc6 3. Nc3 Nf6 4. g3 d5 5. cxd5 Nxd5 6. Bg2 Nxc3 7. bxc3 e4 8.
Ng1 f5 9. Nh3 Bd6 10. d3 exd3 11. exd3 Qe7+ 12. Qe2 Qxe2+ 13. Kxe2 Bd7 14. Be3
b6 15. Kd2 O-O-O 16. Ng5 Rde8 17. Nf7 Rhf8 18. Nxd6+ cxd6 19. Rhe1 Kc7 20. Bf4
Rxe1 21. Rxe1 h6 22. h4 a5 23. Bxc6 Kxc6 24. Re7 g6 25. Bxh6 Rf6 26. Be3 b5 27.
Rh7 Be6 28. Ra7 a4 29. a3 Bb3 30. Ra6+ Kb7 31. Rb6+ Kc7 32. Rxb5 Kc6 33. Rb8 Re6
34. Rh8 d5 35. Rh6 Kd7 36. h5 gxh5 37. Rxh5 Kc6 38. Rxf5 Re7 39. g4 Rh7 40. g5
Rh5 41. Rf6+ Kb5 42. g6 d4 43. Bxd4 Rh1 44. g7 Rd1+ 45. Ke2 Ra1 46. c4+ 1-0

[Event "FINAL MISTRZOSTW POLSKI MLODZIKOW 2016 - CHLOPCY"]
[Site "Jastrzebia Gora"]
[Date "1899-12-30"]
[Round "1.18"]
[White "Wilk, Igor"]
[Black "Wierzbicki, Dawid"]
[Result "0-1"]
[WhiteTitle "III"]
[BlackTitle "II"]
[WhiteElo "1103"]
[BlackElo "1269"]

1. e4 e5 2. Nf3 Nc6 3. Bc4 Nf6 4. Ng5 d5 5. exd5 Na5 6. Bb5+ c6 7. dxc6 bxc6 8.
Be2 h6 9. Nf3 e4 10. Ne5 Qd5 11. d4 exd3 12. Nxd3 Be7 13. Nf4 Qxd1+ 14. Bxd1 Ba6
15. Bd2 Nc4 16. Bf3 Ne5 17. Be2 Bxe2 18. Kxe2 O-O 19. Bc3 Ned7 20. Nd2 Rfe8 21.
Kf1 Bd6 22. Nd3 Nd5 23. Ba5 N7b6 24. c4 Nf4 25. c5 Nxd3 26. cxb6 axb6 27. Bc3
Rxa2 28. Rb1 b5 29. g3 c5 30. Nf3 b4 31. Bd2 Rxb2 32. Kg2 c4 33. Rxb2 Nxb2 34.
Re1 Rxe1 35. Nxe1 c3 36. Bc1 b3 37. Kf3 Nc4 38. Nc2 b2 39. Bxb2 cxb2 40. Ne3 Nxe3
41. Kxe3 b1=Q 42. Kd4 Qb2+ 43. Kd5 Qxf2 44. Kxd6 Qxh2 45. Ke7 f5 46. Ke8 g5 47.
Ke7 Qe2+ 48. Kf6 f4 49. gxf4 g4 50. Kf5 g3 51. Kf6 g2 52. f5 h5 53. Kg6 g1=Q+
54. Kh6 Qg7# 0-1

[Event "FINAL MISTRZOSTW POLSKI MLODZIKOW 2016 - CHLOPCY"]
[Site "Jastrzebia Gora"]
[Date "1899-12-30"]
[Round "1.19"]
[White "Jedraszek, Pawel"]
[Black "Bochenek, Ryszard"]
[Result "1/2-1/2"]
[WhiteTitle "II"]
[BlackTitle "II"]
[WhiteElo "1261"]
[BlackElo "1101"]

1. e4 c5 2. c4 Nc6 3. Nf3 d6 4. d4 cxd4 5. Nxd4 e5 6. Nb3 Nf6 7. Nc3 Be6 8. Be2
Be7 9. Be3 O-O 10. O-O a5 11. Rc1 a4 12. Na1 Na5 13. b3 axb3 14. axb3 Qd7 15.
Na4 Qc6 16. Nb6 Rad8 17. Qd2 Nxb3 18. Nxb3 Nxe4 19. Qe1 f5 20. Na5 Qc7 21. Nd5
Bxd5 22. cxd5 Qd7 23. Qb4 Rb8 24. Bb5 Qd8 25. Bc4 Qe8 26. Ba7 Ra8 27. Bb5 Qg6
28. Bb6 f4 29. f3 Ng5 30. Qe1 e4 31. Be2 e3 32. Kh1 Qh6 33. h4 Nf7 34. g3 fxg3
35. Qxg3 Bxh4 36. Qh2 Bf2 37. Qxh6 Nxh6 38. Nc4 Ra2 39. Bd3 Rf4 40. Nxd6 Rh4+
1/2-1/2

[Event "FINAL MISTRZOSTW POLSKI MLODZIKOW 2016 - CHLOPCY"]
[Site "Jastrzebia Gora"]
[Date "1899-12-30"]
[Round "1.20"]
[White "Jaskiewicz, Kacper"]
[Black "Nowak, Filip"]
[Result "0-1"]
[WhiteTitle "II"]
[BlackTitle "II"]
[WhiteElo "1100"]
[BlackElo "1257"]

1. e4 e6 2. d3 d5 3. exd5 exd5 4. Nf3 Bd6 5. Nc3 Ne7 6. Be2 Nbc6 7. a3 Bf5 8. h3
Qd7 9. Bg5 f6 10. Bd2 O-O-O 11. Qb1 d4 12. Na2 Nd5 13. c3 dxc3 14. Bxc3 Rhe8 15.
Kd1 Nf4 16. Bf1 Bc5 17. Qc2 Nxd3 18. Bxd3 Qxd3+ 19. Qxd3 Rxd3+ 20. Kc1 Bxf2 21.
Nb4 Nxb4 22. Bxb4 Re2 23. Rd1 Be3+ 24. Bd2 Rxg2 25. Bxe3 Rxe3 26. Nh4 Rc2+ 27.
Kb1 Rd2+ 28. Kc1 Rxd1+ 29. Kxd1 Rxh3 30. Ng2 Rh1+ 31. Ne1 g5 32. Ke2 Rh2+ 33.
Kf3 Rxb2 34. Kg3 Rb1 35. Rxb1 Bxb1 36. Kg4 Kd7 37. Nf3 Bg6 38. Nd4 c5 39. Nb5
c4 40. Nc3 Kc6 41. Kf3 Kc5 42. Ke3 g4 43. Kf4 Kd4 44. Nb5+ Kd3 45. Kxg4 c3 46.
Nxc3 Kxc3 47. a4 Kb4 48. a5 Kxa5 49. Kf3 b5 50. Ke3 b4 51. Kd2 h5 52. Ke1 0-1

[Event "FINAL MISTRZOSTW POLSKI MLODZIKOW 2016 - CHLOPCY"]
[Site "Jastrzebia Gora"]
[Date "1899-12-30"]
[Round "1.21"]
[White "Kozlowski, Michal"]
[Black "Kubaszewski, Piotr"]
[Result "1-0"]
[WhiteTitle "II"]
[BlackTitle "III"]
[WhiteElo "1256"]
[BlackElo "1097"]

1. e4 e6 2. d4 d5 3. exd5 exd5 4. Bd3 Nf6 5. Bg5 Be7 6. Nf3 Nc6 7. O-O O-O 8. c3
Be6 9. Nbd2 Re8 10. Qc2 g6 11. Rfe1 Nd7 12. Bxe7 Qxe7 13. Rac1 Qd8 14. h3 Nf6
15. Ne5 Nxe5 16. Rxe5 Nd7 17. Re3 a6 18. Nf3 c6 19. Rce1 b5 20. Ne5 Nxe5 21. Rxe5
Qa5 22. a3 Qb6 23. Qd2 Kg7 24. f4 Bd7 25. Rxe8 Rxe8 26. Rxe8 Bxe8 27. Qe3 Qd8
28. b3 Bd7 29. c4 Be6 30. cxb5 axb5 31. Bc2 Qe7 32. a4 bxa4 33. bxa4 Qa7 34. Kf2
Qd7 35. Ke2 Qb7 36. Qb3 Qc7 37. Qe3 Qb6 38. Qc3 Bf5 39. Bxf5 gxf5 40. Ke3 Qb7
41. Qc2 Kg6 42. g4 Kg7 43. gxf5 Qe7+ 44. Kf3 Qd7 45. a5 Qd6 46. Qc5 Qd7 47. a6
h6 48. a7 Qb7 49. Qa5 Qa8 50. Qc7 1-0

[Event "FINAL MISTRZOSTW POLSKI MLODZIKOW 2016 - CHLOPCY"]
[Site "Jastrzebia Gora"]
[Date "1899-12-30"]
[Round "1.22"]
[White "Nowicki, Filip"]
[Black "Bancarewicz, Aleks"]
[Result "0-1"]
[WhiteTitle "III"]
[BlackTitle "II"]
[WhiteElo "1092"]
[BlackElo "1254"]

1. e4 c5 2. Nf3 Nc6 3. d4 cxd4 4. Nxd4 Nf6 5. Nc3 g6 6. Nd5 Nxd5 7. exd5 Qa5+ 8.
c3 Qxd5 9. Be3 a6 10. b3 Bg7 11. Rc1 Nxd4 12. Bxd4 Bxd4 13. Qxd4 Qxd4 14. cxd4
d6 15. Bd3 Bd7 16. Be4 Rc8 17. Kd2 Bc6 18. a4 O-O 19. d5 Bd7 20. Rhe1 Rxc1 21.
Rxc1 Rc8 22. Rxc8+ Bxc8 23. Kc3 Bf5 24. Bf3 Kg7 25. a5 Kf6 26. Be2 Ke5 27. Kc4
Be4 28. Bf3 Bxf3 29. gxf3 Kf4 30. b4 Kxf3 31. b5 Kxf2 32. bxa6 bxa6 33. Kd4 Kf3
34. Kd3 h5 35. Kd2 g5 36. Ke1 g4 37. Kf1 h4 38. Kg1 g3 39. h3 g2 40. Kh2 e5 41.
Kg1 e4 42. Kh2 e3 43. Kg1 e2 44. Kh2 e1=B 45. Kg1 Bf2+ 0-1

[Event "FINAL MISTRZOSTW POLSKI MLODZIKOW 2016 - CHLOPCY"]
[Site "Jastrzebia Gora"]
[Date "1899-12-30"]
[Round "1.23"]
[White "Fronczyk, Wiktor"]
[Black "Kusiak, Mateusz"]
[Result "1-0"]
[WhiteTitle "II"]
[BlackTitle "III"]
[WhiteElo "1251"]
[BlackElo "1085"]

1. e4 e5 2. Nf3 Nc6 3. Bb5 Bc5 4. c3 Nf6 5. O-O d6 6. Qe2 Bd7 7. Ba4 O-O 8. d3
h6 9. Bc2 Re8 10. Be3 Bxe3 11. fxe3 d5 12. exd5 Nxd5 13. Nbd2 a5 14. a3 f5 15.
c4 Nf6 16. e4 f4 17. Bb3 a4 18. Ba2 g5 19. Rfd1 g4 20. c5+ Kg7 21. Nh4 Nd4 22.
Qf2 g3 23. hxg3 Ng4 24. Qe1 Nc2 25. Qe2 Nxa1 26. Nf5+ Bxf5 27. exf5 Nf6 28. Rxa1
Qd4+ 29. Kf1 Qxb2 30. Qd1 fxg3 31. Kg1 Qd4+ 32. Kh1 Ng4 33. Ne4 Ne3 34. f6+ Kh7
35. Qc1 Ng4 36. Rb1 Qe3 37. Qf1 Qf4 38. Qxf4 exf4 39. f7 Rf8 40. Be6 Ne5 41. Nf6+
Kg6 42. Ng4 Nxg4 43. Bxg4 Rxf7 44. Rxb7 Re7 45. Rb1 Rae8 46. Rf1 Re1 47. Kg1 Rxf1+
48. Kxf1 Re3 49. Bf3 Rxd3 50. Be4+ Kf6 51. Bxd3 Ke5 52. Bb5 Kd4 53. c6 Kc3 54.
Bxa4 Kb2 55. Ke2 Kxa3 56. Bb5 Kb4 57. Ba6 Kc5 58. Bb7 Kd6 59. Kf3 h5 60. Kxf4
1-0

[Event "FINAL MISTRZOSTW POLSKI MLODZIKOW 2016 - CHLOPCY"]
[Site "Jastrzebia Gora"]
[Date "1899-12-30"]
[Round "1.24"]
[White "Fudal, Patryk"]
[Black "Backiel, Hubert"]
[Result "0-1"]
[WhiteTitle "III"]
[BlackTitle "II+"]
[WhiteElo "1082"]
[BlackElo "1247"]

1. e4 e5 2. Nf3 Nf6 3. Nc3 Nc6 4. Bb5 Bb4 5. Bxc6 bxc6 6. Qe2 O-O 7. O-O Re8 8.
a3 Bxc3 9. dxc3 h6 10. Re1 d5 11. exd5 e4 12. Nd4 cxd5 13. h3 c5 14. Nb3 Qb6 15.
Qe3 Nd7 16. Rd1 Bb7 17. a4 Rac8 18. Qe2 Ba6 19. Qg4 Nf6 20. Qg3 Qc7 21. Bf4 Qc6
22. Be3 Nd7 23. Qg4 Red8 24. Qf5 Bc4 25. Na5 Qg6 26. Qxg6 fxg6 27. Nxc4 dxc4 28.
Rd6 Nf6 29. Rxd8+ Rxd8 30. Bxc5 Rd2 31. Rc1 a6 32. Be3 Rd7 33. b3 Nd5 34. Rd1
Nf6 35. Rxd7 Nxd7 36. bxc4 Kf7 37. Kf1 Ne5 38. c5 Ke6 39. Ke2 Nc4 40. Bd4 Nb2
41. Kd2 h5 42. Bxg7 Nxa4 43. Bd4 Kd5 44. Kc1 Nxc5 45. Bxc5 Kxc5 46. Kb2 Kc4 47.
g3 a5 48. h4 a4 49. Kb1 Kxc3 50. Kc1 a3 51. Kb1 a2+ 52. Kxa2 Kxc2 53. Ka1 Kd2
54. Kb1 Ke2 55. Kc1 Kxf2 56. Kd1 e3 57. Kc2 e2 58. Kd2 e1=Q+ 59. Kc2 Qe3 60. Kb1
Qc3 61. Ka2 Qb4 62. Ka1 Ke3 63. Ka2 Kd2 64. g4 Kc2 65. g5 Qb2# 0-1

[Event "FINAL MISTRZOSTW POLSKI MLODZIKOW 2016 - CHLOPCY"]
[Site "Jastrzebia Gora"]
[Date "1899-12-30"]
[Round "1.25"]
[White "Madej, Marek"]
[Black "Pancewicz, Szymon"]
[Result "1-0"]
[WhiteTitle "II"]
[BlackTitle "II"]
[WhiteElo "1240"]
[BlackElo "1079"]

1. d4 Nf6 2. c4 c5 3. e3 g6 4. Bd2 Bg7 5. Nc3 O-O 6. dxc5 Na6 7. Qc2 Nxc5 8. g3
d6 9. Bg2 Bf5 10. e4 Be6 11. b3 a5 12. Nge2 Bd7 13. O-O Bc6 14. Rad1 Qc8 15. Be3
b6 16. Nd4 Bd7 17. Rd2 Ra7 18. a3 Bh3 19. f3 Bxg2 20. Kxg2 Rd8 21. Rfd1 Rc7 22.
Ndb5 Rb7 23. e5 Ne8 24. exd6 e6 25. b4 Na6 26. Qb3 Qc6 27. Ne4 Rbd7 28. Nd4 Qb7
29. c5 bxc5 30. bxc5 Qxb3 31. Nxb3 Nb8 32. Rc1 f5 33. Ng5 a4 34. Nd4 Bxd4 35.
Rxd4 Ng7 36. Bf4 Re8 37. Rxa4 Nc6 38. Ra6 Rc8 39. Rb1 Ne8 40. Nxe6 Kf7 41. Ng5+
Kg7 42. Rbb6 Nd4 43. Be5+ Kf8 44. Bxd4 h6 45. Ne6+ Kf7 46. Nf4 g5 47. Nd3 Ke6
48. Be5 Kd5 49. c6 Rxd6 50. Bxd6 Kxd6 51. c7+ Kxc7 52. Rxh6 Kd8 53. Rag6 Rc2+
54. Nf2 f4 55. Rxg5 fxg3 56. hxg3 Ra2 57. Rh8 Re2 58. Rg4 Ke7 59. Re4+ Rxe4 60.
Nxe4 Kf7 61. Rxe8 Kxe8 62. g4 Kf7 63. a4 Ke7 64. g5 Kd7 65. g6 Ke7 66. a5 Ke6
67. a6 Kf5 68. a7 Kxg6 69. a8=Q Kf5 70. Qd5+ Kg6 71. Qe6+ Kh5 72. Qg4+ Kh6 73.
Qg5+ Kh7 74. Nf6+ Kh8 75. Qg8# 1-0